| 000 | 00676nac a22002051u 4500 | ||
|---|---|---|---|
| 010 | _a 93231001 | ||
| 020 | _a0750609532 | ||
| 082 | 0 | 0 |
_a338.4791003 _bTRA |
| 090 |
_c9964 _d9964 |
||
| 100 | _aMedlik, S. | ||
| 245 | 1 | 0 |
_aDictionary of travel, tourism, and hospitality / _cS. Medlik. |
| 260 |
_aOxford [England] ; _aBoston : _bButterworth-Heinemann,1993 _c1993. |
||
| 300 |
_axii, 360 p. ; _c24 cm. |
||
| 500 | _aDonations | ||
| 500 | _aDonations:AUC | ||
| 504 | _aIncludes bibliographical references (p. 359-360). | ||
| 511 | _aCatalogued by: wessam | ||
| 650 | 0 |
_aTourism _vDictionaries. |
|
| 942 |
_cNB _k338.4791003TRA |
||
| 999 |
_c9964 _d9964 |
||